|
|
|
|
| LEADER |
00804cam a2200169ua 4500 |
| 041 |
|
|
|a eng
|
| 082 |
|
|
|a 633.83
|b TRA/SP
|
| 110 |
1 |
|
|a Trade Information service soices board .
|c ()
|
| 245 |
|
|
|a Spices Statistics /
|c Trade Information service spices board.
|h Textual Documents
|
| 250 |
|
|
|a 2 /
|b .
|
| 260 |
|
|
|a Kochi :
|b Trade information service spices board ,
|c 1994.
|
| 300 |
|
|
|a 162 ; .
|
| 504 |
|
|
|
| 541 |
|
|
|e 18449
|
| 942 |
|
|
|c BK
|
| 999 |
|
|
|c 31378
|d 31378
|
| 952 |
|
|
|0 0
|1 0
|4 0
|6 633_830000000000000
|7 0
|9 41440
|a KAUAET
|b KAUAET
|d 2012-04-07
|m 0
|o 633.83
|p KAU_KCAET-18449
|r 2012-04-07
|w 2012-04-07
|y BK
|